000 00366pam a2200145a 44500
008 230405s xxu||||| |||| 00| 0 eng d
041 _aENG
100 _aR C GUPTA/BHARAVA S
245 _aPRACTICAL BIOCHEMISTRY ( GUPTA )
250 _a5 2014
260 _aNEW DELHI
_bCBS PUBLISHERS DELHI
_c
300 _a245
650 _aPHARMACEUTICAL CHEMISTRY
906 _a1998
999 _c277269
_d277269